[Event "17. Europa ch Juvenil - Masculino s16"]
[Site "Sibenik CRO"]
[Date "2007.09.20"]
[Round "7.11"]
[White "Yilmaz, Mustafa"]
[Black "Georgescu, Tiberiu"]
[Result "1-0"]
[WhiteElo "2204"]
[BlackElo "2385"]
[PlyCount "55"]
[EventDate "2007.09.14"]
[EventType "swiss"]
[EventRounds "9"]
[EventCountry "CRO"]
[Source "lmi"]
[SourceDate "2007.09.14"]

1. e4 c5 2. Nf3 d6 3. Bb5+ Nd7 4. d4 Ngf6 5. Nc3 a6 6. Bxd7+ Nxd7 7. Be3 e6 8.
O-O Be7 9. dxc5 Nxc5 10. e5 O-O 11. b4 Nd7 12. exd6 Bf6 13. Bd4 e5 14. Be3 b5
15. Nd2 Bb7 16. Nb3 Rc8 17. Qd2 Nb6 18. Bxb6 Qxb6 19. Nc5 e4 20. Rad1 Rfd8 21.
Nd5 Bxd5 22. Qxd5 Be7 23. Nxe4 Bf8 24. c3 Qc6 25. Rfe1 Qxd5 26. Rxd5 f5 27. d7
Rc7 28. Nc5 1-0

[Event "17. Europa ch Juvenil - Masculino s16"]
[Site "Sibenik CRO"]
[Date "2007.09.20"]
[Round "7.12"]
[White "Nabaty, Tamir"]
[Black "Mammadov, Ayaz"]
[Result "1-0"]
[WhiteElo "2421"]
[BlackElo "2237"]
[PlyCount "103"]
[EventDate "2007.09.14"]
[EventType "swiss"]
[EventRounds "9"]
[EventCountry "CRO"]
[Source "lmi"]
[SourceDate "2007.09.14"]

1. e4 e6 2. d4 d5 3. Nc3 Nf6 4. Bg5 Be7 5. e5 Nfd7 6. Bxe7 Qxe7 7. Nb5 Nb6 8.
c3 a6 9. Na3 c5 10. f4 cxd4 11. cxd4 Nc6 12. Nf3 Bd7 13. Nc2 Rc8 14. b3 Na7 15.
a4 Rc3 16. Rb1 f5 17. Qd2 Rc7 18. Be2 Nc6 19. Kf2 a5 20. Rhc1 O-O 21. Ra1 Rfc8
22. Nfe1 Be8 23. g3 Nd7 24. Na3 Nxd4 25. Rxc7 Nxb3 26. Qc3 Rxc7 27. Qxb3 Nc5
28. Qb6 Rc6 29. Qa7 Nb3 30. Rb1 Qxa3 31. Qe3 Qxa4 32. Rxb3 d4 33. Qd3 Rc7 34.
Nf3 b5 35. Rb2 Rc3 36. Qd2 b4 37. Qxd4 Qd7 38. Qb6 Qd5 39. Rd2 Rxf3+ 40. Ke1
Qc6 41. Qxc6 Bxc6 42. Bxf3 Bxf3 43. Ra2 Kf7 44. Rxa5 Bc6 45. Rc5 Bd5 46. Kd2
Kg6 47. Rb5 Kh5 48. Rxb4 h6 49. Rd4 Ba2 50. Kc2 g5 51. Kb2 Bd5 52. Rxd5 1-0

[Event "17. Europa ch Juvenil - Masculino s16"]
[Site "Sibenik CRO"]
[Date "2007.09.20"]
[Round "7.13"]
[White "Durarbeyli, Vasif"]
[Black "Bulanov, Dmitri"]
[Result "0-1"]
[WhiteElo "2417"]
[BlackElo "2220"]
[PlyCount "211"]
[EventDate "2007.09.14"]
[EventType "swiss"]
[EventRounds "9"]
[EventCountry "CRO"]
[Source "lmi"]
[SourceDate "2007.09.14"]

1. e4 Nf6 2. e5 Nd5 3. d4 d6 4. Nf3 c6 5. Be2 dxe5 6. Nxe5 g6 7. O-O Bg7 8. c4
Nc7 9. Be3 O-O 10. Nc3 Nd7 11. f4 Ne6 12. Bg4 Nb6 13. f5 Bxe5 14. fxe6 Nxc4 15.
exf7+ Kg7 16. Bf2 Bf6 17. Bxc8 Rxc8 18. Qa4 Nxb2 19. Qxa7 Nd3 20. Ne2 Nxf2 21.
Rxf2 Rxf7 22. Raf1 Qd7 23. Kh1 Kg8 24. Rf3 Rd8 25. Qb6 Rff8 26. Qb3+ Qd5 27.
Qxb7 Qxa2 28. Nf4 e5 29. dxe5 Bxe5 30. Qe7 Bd6 31. Qg5 Bxf4 32. Rxf4 Qd5 33.
Qh6 Qd6 34. h3 Rxf4 35. Rxf4 Rf8 36. Rxf8+ Qxf8 37. Qe3 Qd6 38. Qb3+ Kg7 39.
Qb2+ Kg8 40. Qb3+ Kg7 41. Qb2+ Qf6 42. Qb7+ Kh6 43. Qc7 g5 44. Qc8 Qd6 45. Qg4
Qe5 46. Qc8 Qf6 47. Kg1 Qd6 48. Kh1 Kg7 49. Qg4 Qd5 50. h4 h6 51. hxg5 hxg5 52.
Qe2 Kf6 53. Qf2+ Ke6 54. Qe3+ Kd6 55. Qb6 Ke6 56. Qe3+ Kf5 57. Qf2+ Kg6 58.
Qc2+ Kh6 59. Qc3 c5 60. Qf6+ Kh5 61. Kh2 Kg4 62. Qf8 Qe5+ 63. Kh1 Qe1+ 64. Kh2
Qg3+ 65. Kh1 Qe1+ 66. Kh2 Qe5+ 67. Kh1 Qf5 68. Qe7 Qf1+ 69. Kh2 Qf4+ 70. Kh1 c4
71. Qe6+ Kh5 72. Qe8+ Kh6 73. Qe6+ Kg7 74. Qe7+ Kg6 75. Qe6+ Kh5 76. Qe8+ Kh4
77. Qe1+ Qg3 78. Qe4+ Qg4 79. Qe1+ Kh5 80. Qe8+ Kh6 81. Qg8 Qh4+ 82. Kg1 Qe1+
83. Kh2 Qe5+ 84. Kh3 c3 85. Qc8 Qe3+ 86. g3 Kg6 87. Qc6+ Kf5 88. Qd5+ Kf6 89.
Qd8+ Ke5 90. Qe7+ Kd4 91. Qd6+ Kc4 92. Qc6+ Kb3 93. Qb5+ Kc2 94. Qa4+ Kd2 95.
Qb4 Qe6+ 96. Kg2 g4 97. Qd4+ Kc2 98. Qa4+ Kc1 99. Qf4+ Kc2 100. Qa4+ Kd3 101.
Qd1+ Kc4 102. Qa4+ Kc5 103. Qa5+ Kd4 104. Qa4+ Qc4 105. Qa7+ Kd3 106. Qf2 0-1

[Event "17. Europa ch Juvenil - Masculino s16"]
[Site "Sibenik CRO"]
[Date "2007.09.20"]
[Round "7.14"]
[White "Kosov, Ivan"]
[Black "Tofil, Borys"]
[Result "1/2-1/2"]
[WhiteElo "2379"]
[BlackElo "2148"]
[PlyCount "116"]
[EventDate "2007.09.14"]
[EventType "swiss"]
[EventRounds "9"]
[EventCountry "CRO"]
[Source "lmi"]
[SourceDate "2007.09.14"]

1. e4 e6 2. d4 d5 3. e5 c5 4. c3 Nc6 5. Nf3 Qb6 6. a3 Nh6 7. b4 cxd4 8. cxd4
Nf5 9. Be3 f6 10. exf6 gxf6 11. Bd3 Nxe3 12. fxe3 Bh6 13. Qe2 O-O 14. Nc3 Bd7
15. O-O Ne7 16. Kh1 Rac8 17. Nd1 Ng6 18. Nd2 Bg7 19. Nb3 Qd6 20. Nc5 b6 21. Nb3
f5 22. g3 e5 23. Qd2 f4 24. dxe5 Bxe5 25. exf4 Bxa1 26. Nxa1 Bc6 27. Kg1 d4 28.
Bc4+ Bd5 29. Bxd5+ Qxd5 30. Nc2 Rfe8 31. f5 Qe4 32. Ne1 Rf8 33. Qd3 Qxd3 34.
Nxd3 Ne7 35. g4 Nd5 36. Rf3 Rfe8 37. h4 Ne3 38. N1f2 Rc3 39. f6 Kf7 40. g5 Rxa3
41. Rf4 Ra1+ 42. Kh2 Nc2 43. Ne4 Ke6 44. h5 Ne1 45. f7 Rf8 46. g6 Nxd3 47. Rf6+
Ke7 48. g7 Rxf7 49. g8=Q Rxf6 50. Nxf6 Kxf6 51. Qxh7 Ne5 52. Qh6+ Kf5 53. Qf8+
Kg4 54. Qg7+ Kf4 55. Qf6+ Ke4 56. Qh4+ Ke3 57. Qg5+ Ke4 58. Qh4+ Ke3 1/2-1/2

[Event "17. Europa ch Juvenil - Masculino s16"]
[Site "Sibenik CRO"]
[Date "2007.09.20"]
[Round "7.16"]
[White "Chirila, Ioan Cristian"]
[Black "Soors, Stef"]
[Result "1-0"]
[WhiteElo "2345"]
[BlackElo "2126"]
[PlyCount "43"]
[EventDate "2007.09.14"]
[EventType "swiss"]
[EventRounds "9"]
[EventCountry "CRO"]
[Source "lmi"]
[SourceDate "2007.09.14"]

1. e4 e6 2. d4 d5 3. Nc3 Bb4 4. e5 c5 5. a3 cxd4 6. axb4 dxc3 7. bxc3 Qc7 8. f4
Ne7 9. Bd3 Nd7 10. Nf3 f6 11. exf6 Qxc3+ 12. Bd2 Qxf6 13. O-O O-O 14. Qe1 Nb6
15. Bc3 Qxf4 16. Ne5 Qh6 17. Rxf8+ Kxf8 18. Qf2+ Nf5 19. g4 Kg8 20. gxf5 exf5
21. Bd4 Nd7 22. Qxf5 1-0

[Event "17. Europa ch Juvenil - Masculino s16"]
[Site "Sibenik CRO"]
[Date "2007.09.20"]
[Round "7.17"]
[White "Balazs, Gabor"]
[Black "Jorczik, Julian"]
[Result "1/2-1/2"]
[WhiteElo "2305"]
[BlackElo "2333"]
[PlyCount "139"]
[EventDate "2007.09.14"]
[EventType "swiss"]
[EventRounds "9"]
[EventCountry "CRO"]
[Source "lmi"]
[SourceDate "2007.09.14"]

1. d4 Nf6 2. c4 c5 3. d5 e6 4. Nc3 exd5 5. cxd5 d6 6. e4 g6 7. h3 Bg7 8. Nf3
O-O 9. Bd3 b5 10. Bxb5 Nxe4 11. Nxe4 Qa5+ 12. Nfd2 Qxb5 13. Nxd6 Qa6 14. N2c4
Nd7 15. O-O Nb6 16. Nxb6 Qxb6 17. Nxc8 Raxc8 18. Rb1 Rfd8 19. Bf4 Qb7 20. d6
Bf8 21. Qd3 Rc6 22. Rfd1 Bxd6 23. Bxd6 Rcxd6 24. Qxd6 Rxd6 25. Rxd6 c4 26. Rdd1
h5 27. Rdc1 Qe4 28. Ra1 Qd3 29. Rc3 Qd2 30. Rac1 Qxb2 31. a4 a5 32. Rxc4 Kg7
33. h4 Qd2 34. g3 Qb2 35. Rc5 Qb4 36. R1c4 Qb1+ 37. Kg2 Qb7+ 38. Kh2 Qb6 39.
Kg2 Qb7+ 40. Rc6 Qd7 41. Rc7 Qd6 42. R7c5 Qd3 43. Rf4 Qd8 44. Rb5 Qc7 45. Rd4
Qc6+ 46. Kh2 Qc2 47. Rf4 Qc7 48. Rb3 Qd7 49. Rbf3 f5 50. Rb3 Qd2 51. Rb5 Qc3
52. Rd5 Kh6 53. Rd6 Qc5 54. Rfd4 f4 55. gxf4 Qc2 56. Kg3 Qe2 57. f5 Qe5+ 58.
Kg2 Qxf5 59. R6d5 Qf6 60. Kg3 Qc6 61. Rd6 Qh1 62. R6d5 Qg1+ 63. Kf3 Qh1+ 64.
Ke2 Qa1 65. Rd8 Qb2+ 66. Kf3 Qb7+ 67. R8d5 Qf7+ 68. Kg2 Qb7 69. Kg3 Qc6 70. Kg2
1/2-1/2

[Event "17. Europa ch Juvenil - Masculino s16"]
[Site "Sibenik CRO"]
[Date "2007.09.20"]
[Round "7.18"]
[White "Krejci, Jan"]
[Black "Yilmazyerli, Mert"]
[Result "1-0"]
[WhiteElo "2315"]
[BlackElo "2071"]
[PlyCount "67"]
[EventDate "2007.09.14"]
[EventType "swiss"]
[EventRounds "9"]
[EventCountry "CRO"]
[Source "lmi"]
[SourceDate "2007.09.14"]

1. e4 c5 2. Nf3 e6 3. c4 Nc6 4. Nc3 a6 5. Be2 g6 6. d4 cxd4 7. Nxd4 Nge7 8. Bg5
Bg7 9. O-O O-O 10. Nxc6 bxc6 11. Qd6 Nf5 12. Qd2 Ne7 13. Rad1 f6 14. Bf4 f5 15.
Bd6 Rf7 16. e5 f4 17. Bg4 h5 18. Bf3 Nf5 19. Ne4 Nh4 20. Qd3 Nxf3+ 21. Qxf3 Qh4
22. Rd3 Rf5 23. Nc5 g5 24. Qe4 g4 25. f3 Qg5 26. Re1 a5 27. Nxe6 dxe6 28. Qxc6
Bb7 29. Qxb7 Rd8 30. Be7 Rxd3 31. Bxg5 Rxg5 32. Qa8+ Kf7 33. fxg4 Rxg4 34. Qe4
1-0

[Event "17. Europa ch Juvenil - Masculino s16"]
[Site "Sibenik CRO"]
[Date "2007.09.20"]
[Round "7.19"]
[White "Kanmazalp, Ogulcan"]
[Black "Varga, David"]
[Result "1/2-1/2"]
[WhiteElo "2093"]
[BlackElo "2257"]
[PlyCount "102"]
[EventDate "2007.09.14"]
[EventType "swiss"]
[EventRounds "9"]
[EventCountry "CRO"]
[Source "lmi"]
[SourceDate "2007.09.14"]

1. e4 e6 2. d4 d5 3. Nd2 Nf6 4. e5 Nfd7 5. Bd3 c5 6. c3 Nc6 7. Ne2 cxd4 8. cxd4
f6 9. exf6 Nxf6 10. Nf3 Bd6 11. O-O O-O 12. Bf4 Bxf4 13. Nxf4 Ne4 14. Qc1 Ng5
15. Nxg5 Qxg5 16. Ne2 Qf6 17. Qe3 Bd7 18. Bb5 Nb8 19. Bxd7 Nxd7 20. Rac1 e5 21.
Rc7 Rad8 22. Rxb7 Qa6 23. Rb3 exd4 24. Nxd4 Rde8 25. Ra3 Qb6 26. Qd2 Nc5 27.
Ne2 d4 28. b4 Ne6 29. Rd3 Rd8 30. Rd1 Rd5 31. a4 Kh8 32. a5 Qd6 33. Nxd4 Nf4
34. Nb5 Qg6 35. Qxf4 Rxf4 36. Rxd5 h5 37. R5d4 Qc2 38. R4d2 Qa4 39. Nxa7 Rxb4
40. Nc8 Rb2 41. Rd8+ Kh7 42. Nb6 Qc2 43. Rf1 Rb1 44. g3 h4 45. Rd4 h3 46. Rh4+
Kg6 47. Rxh3 Rxf1+ 48. Kxf1 Qb1+ 49. Kg2 Qe4+ 50. Kf1 Qb1+ 51. Kg2 Qe4+ 1/2-1/2

[Event "17. Europa ch Juvenil - Masculino s16"]
[Site "Sibenik CRO"]
[Date "2007.09.20"]
[Round "7.20"]
[White "Kilpatrick, Callum"]
[Black "Arslanov, Shamil"]
[Result "1-0"]
[WhiteElo "2120"]
[BlackElo "2266"]
[PlyCount "65"]
[EventDate "2007.09.14"]
[EventType "swiss"]
[EventRounds "9"]
[EventCountry "CRO"]
[Source "lmi"]
[SourceDate "2007.09.14"]

1. e4 e6 2. d4 d5 3. Nc3 Bb4 4. e5 c5 5. a3 Bxc3+ 6. bxc3 Ne7 7. Qg4 cxd4 8.
Qxg7 Rg8 9. Qxh7 Qa5 10. Ne2 dxc3 11. Ng3 Nd7 12. Nh5 d4 13. f4 b6 14. a4 Ba6
15. Bxa6 Qxa6 16. Nf6+ Nxf6 17. exf6 Qb7 18. fxe7 Qxg2 19. Rf1 f5 20. Qh5+ Rg6
21. Qh8+ Kf7 22. Qxd4 Qxc2 23. Be3 Rg2 24. Bf2 Rc8 25. Rd1 Qe4+ 26. Qxe4 fxe4
27. Rd8 Rg8 28. Bh4 Re8 29. Kd1 Rc5 30. Rxe8 Kxe8 31. Rg1 c2+ 32. Kc1 Kf7 33.
Rg8 1-0

[Event "17. Europa ch Juvenil - Masculino s16"]
[Site "Sibenik CRO"]
[Date "2007.09.20"]
[Round "7.21"]
[White "Gevorkian, David"]
[Black "Baron, Tal"]
[Result "1-0"]
[WhiteElo "2096"]
[BlackElo "2232"]
[PlyCount "81"]
[EventDate "2007.09.14"]
[EventType "swiss"]
[EventRounds "9"]
[EventCountry "CRO"]
[Source "lmi"]
[SourceDate "2007.09.14"]

1. g3 Nf6 2. Bg2 g6 3. Nf3 Bg7 4. O-O O-O 5. d4 d5 6. c4 c6 7. Nc3 dxc4 8. a4
Na6 9. Ne5 Be6 10. e4 Nb4 11. Be3 h6 12. Qd2 Kh7 13. h3 Nd7 14. Nf3 a5 15. Rfd1
Nb6 16. Ne2 Qc7 17. Nf4 Bd7 18. Qc1 c5 19. dxc5 Nxa4 20. e5 Rac8 21. Rd2 Bb5
22. Nd4 Be8 23. c6 Nxc6 24. Nde6 fxe6 25. Nxe6 Qxe5 26. Nxf8+ Bxf8 27. Rxa4 b5
28. Rd5 Qb8 29. Ra1 e6 30. Bf4 Qb6 31. Be3 Qb8 32. Bf4 Qb6 33. Rd2 Bc5 34. Qc3
Bb4 35. Qf6 Bxd2 36. Bxc6 Bxf4 37. Bxe8 Qc7 38. Bxg6+ Kg8 39. gxf4 Rf8 40.
Qxe6+ Kh8 41. f5 1-0

[Event "17. Europa ch Juvenil - Masculino s16"]
[Site "Sibenik CRO"]
[Date "2007.09.20"]
[Round "7.22"]
[White "Sieciechowicz, Marcin"]
[Black "Plaskan, Jure"]
[Result "1-0"]
[WhiteElo "2214"]
[BlackElo "2061"]
[PlyCount "79"]
[EventDate "2007.09.14"]
[EventType "swiss"]
[EventRounds "9"]
[EventCountry "CRO"]
[Source "lmi"]
[SourceDate "2007.09.14"]

1. d4 Nf6 2. c4 c5 3. d5 b5 4. cxb5 a6 5. b6 e6 6. Nc3 Nxd5 7. Nxd5 exd5 8.
Qxd5 Nc6 9. e4 Be7 10. Bc4 O-O 11. Nf3 Rb8 12. O-O Rxb6 13. Qh5 d6 14. b3 Be6
15. Bd5 Bf6 16. Bg5 Bxd5 17. Bxf6 Qxf6 18. Qxd5 Qe6 19. Rfd1 Ne7 20. Qd3 Ng6
21. Rac1 Re8 22. Rc4 Nf4 23. Qe3 Qg4 24. g3 d5 25. Rxc5 Nh3+ 26. Kg2 dxe4 27.
Rd4 Nf4+ 28. Kg1 Qxf3 29. Qxf4 Rbe6 30. Qxf3 exf3 31. h3 Re1+ 32. Kh2 R1e2 33.
g4 Rxf2+ 34. Kg3 Rxa2 35. Kxf3 Ra3 36. Rc3 g6 37. Rb4 Re1 38. g5 a5 39. Rb8+
Kg7 40. Rcc8 1-0

[Event "17. Europa ch Juvenil - Masculino s16"]
[Site "Sibenik CRO"]
[Date "2007.09.20"]
[Round "7.23"]
[White "Ketzetzis, Georgios"]
[Black "Anton, Teodor"]
[Result "1-0"]
[WhiteElo "2045"]
[BlackElo "2212"]
[PlyCount "59"]
[EventDate "2007.09.14"]
[EventType "swiss"]
[EventRounds "9"]
[EventCountry "CRO"]
[Source "lmi"]
[SourceDate "2007.09.14"]

1. e4 e5 2. Nf3 Nc6 3. Bb5 a6 4. Ba4 d6 5. O-O Bd7 6. d4 b5 7. Bb3 Nxd4 8. Nxd4
exd4 9. c3 dxc3 10. Qh5 Qe7 11. Nxc3 Nf6 12. Qf3 c6 13. Re1 Ng4 14. Qg3 h5 15.
f4 Be6 16. Bxe6 fxe6 17. h3 Qa7+ 18. Kf1 Nf6 19. e5 dxe5 20. Rxe5 Kf7 21. Be3
Qc7 22. Re1 h4 23. Qf3 Bd6 24. Rxe6 Kxe6 25. Bb6+ Kf7 26. Bxc7 Bxc7 27. Qxc6
Ba5 28. Qe6+ Kg6 29. f5+ Kh6 30. Qf7 1-0

[Event "17. Europa ch Juvenil - Masculino s16"]
[Site "Sibenik CRO"]
[Date "2007.09.20"]
[Round "7.24"]
[White "Poleshchuk, Dmitriy"]
[Black "Blum, Nicolas"]
[Result "1-0"]
[WhiteElo "2073"]
[BlackElo "2166"]
[PlyCount "149"]
[EventDate "2007.09.14"]
[EventType "swiss"]
[EventRounds "9"]
[EventCountry "CRO"]
[Source "lmi"]
[SourceDate "2007.09.14"]

1. e4 c6 2. d4 d5 3. Nc3 dxe4 4. Nxe4 Nd7 5. Bc4 Ngf6 6. Ng5 e6 7. Ne2 h6 8.
Nf3 Bd6 9. O-O Qc7 10. Be3 O-O 11. Bd3 c5 12. c3 b6 13. Ng3 Bb7 14. Re1 Rfe8
15. Rc1 e5 16. dxe5 Nxe5 17. Nxe5 Bxe5 18. Rc2 Rad8 19. Rd2 Nd5 20. Bc4 Nxe3
21. Rxe3 Qc6 22. Rf3 Rxd2 23. Bxf7+ Kh8 24. Qxd2 Rc8 25. c4 Qc7 26. Bd5 Rd8 27.
Rd3 Bd4 28. Bxb7 Qxb7 29. Qe2 Qd7 30. Rf3 Re8 31. Qd2 Qe6 32. b3 Qg6 33. h3
Qb1+ 34. Kh2 Kh7 35. a4 Rd8 36. Qf4 Bf6 37. Qf5+ Qxf5 38. Nxf5 Be5+ 39. g3 Rd2
40. Kg2 Bf6 41. h4 Kg6 42. Ne3 Kf7 43. Nd5 Ke6 44. Nxf6 gxf6 45. Re3+ Kf5 46.
Re7 Rb2 47. Rxa7 Rxb3 48. a5 Ke5 49. axb6 Rxb6 50. Rd7 Ke4 51. Rd5 Rc6 52. f3+
Ke3 53. g4 Ke2 54. Kg3 Ke3 55. f4 Ra6 56. g5 Ra1 57. gxf6 Rg1+ 58. Kh3 Rf1 59.
f5 Kf3 60. Kh2 Rf2+ 61. Kg1 Rg2+ 62. Kf1 Rg8 63. Rxc5 Rf8 64. Rc6 Kg4 65. Kf2
Kxf5 66. Kf3 Rf7 67. c5 Ra7 68. f7 Rxf7 69. Rxh6 Ra7 70. c6 Ra3+ 71. Ke2 Ke4
72. c7 Rc3 73. Rh7 Rc2+ 74. Kd1 Rc6 75. Kd2 1-0

[Event "17. Europa ch Juvenil - Masculino s16"]
[Site "Sibenik CRO"]
[Date "2007.09.20"]
[Round "7.27"]
[White "Yaksin, Oleg"]
[Black "Jefic, Srdjan"]
[Result "1-0"]
[WhiteElo "2231"]
[BlackElo "2103"]
[PlyCount "57"]
[EventDate "2007.09.14"]
[EventType "swiss"]
[EventRounds "9"]
[EventCountry "CRO"]
[Source "lmi"]
[SourceDate "2007.09.14"]

1. e4 c5 2. Nf3 Nc6 3. d4 cxd4 4. Nxd4 Nf6 5. Nc3 e5 6. Ndb5 d6 7. Nd5 Nxd5 8.
exd5 Nb8 9. c4 Be7 10. Be2 a6 11. Nc3 O-O 12. O-O f5 13. f4 Bf6 14. Qc2 e4 15.
Be3 Nd7 16. Kh1 g5 17. fxg5 Bxg5 18. Qd2 h6 19. Bf4 Ne5 20. b4 Bd7 21. Qd4 Bxf4
22. Rxf4 Ng6 23. Rff1 Qe7 24. c5 Qe5 25. Rad1 Rf6 26. Qxe5 Nxe5 27. Nxe4 Rg6
28. Nxd6 Rf8 29. Nxb7 1-0

[Event "17. Europa ch Juvenil - Masculino s16"]
[Site "Sibenik CRO"]
[Date "2007.09.20"]
[Round "7.28"]
[White "Ivekovic, Zvonimir"]
[Black "Ter Schegget, Bram"]
[Result "1/2-1/2"]
[WhiteElo "2161"]
[BlackElo "2129"]
[PlyCount "77"]
[EventDate "2007.09.14"]
[EventType "swiss"]
[EventRounds "9"]
[EventCountry "CRO"]
[Source "lmi"]
[SourceDate "2007.09.14"]

1. e4 c5 2. Nf3 d6 3. d4 cxd4 4. Nxd4 Nf6 5. Nc3 g6 6. Be3 Bg7 7. f3 a6 8. Qd2
Nbd7 9. O-O-O b5 10. g4 Bb7 11. h4 Nc5 12. Bh6 Bxh6 13. Qxh6 Qa5 14. Kb1 O-O-O
15. Bh3 Kb8 16. Qe3 Nfd7 17. Nb3 Nxb3 18. cxb3 b4 19. Ne2 Nc5 20. g5 Qb6 21.
Nf4 e6 22. Nd3 Ka7 23. Nxc5 Qxc5 24. Qxc5+ dxc5 25. Rxd8 Rxd8 26. Kc2 Kb6 27.
Bf1 Rd4 28. Bd3 Kc7 29. Kd2 Bc6 30. Ke3 Bb5 31. Bc2 e5 32. h5 Rd7 33. hxg6 hxg6
34. Rh2 c4 35. bxc4 Bxc4 36. b3 Be6 37. Bd3 Kb6 38. Rc2 a5 39. Be2 1/2-1/2

[Event "17. Europa ch Juvenil - Masculino s16"]
[Site "Sibenik CRO"]
[Date "2007.09.20"]
[Round "7.29"]
[White "Bjelicic, Jan"]
[Black "Veszpremi, Andras"]
[Result "1/2-1/2"]
[WhiteElo "2101"]
[BlackElo "2150"]
[PlyCount "62"]
[EventDate "2007.09.14"]
[EventType "swiss"]
[EventRounds "9"]
[EventCountry "CRO"]
[Source "lmi"]
[SourceDate "2007.09.14"]

1. e4 c5 2. Nf3 g6 3. d4 Bg7 4. Nc3 cxd4 5. Nxd4 Nc6 6. Be3 Nf6 7. Be2 O-O 8.
Qd2 d5 9. exd5 Nxd5 10. Nxd5 Qxd5 11. Bf3 Qe5 12. Nxc6 bxc6 13. c3 Bf5 14. O-O
Rfd8 15. Bd4 Qd6 16. Qe3 Bxd4 17. Qxd4 Qxd4 18. cxd4 Rxd4 19. Bxc6 Rc8 20. Rfc1
Rd2 21. b3 Rb2 22. h3 h5 23. Ba4 Rd8 24. Rc7 Rdd2 25. Rxe7 Rxf2 26. Bc6 Rfc2
27. Bf3 a5 28. Re5 Rxa2 29. Rxa5 Rxa1+ 30. Rxa1 Rb2 31. Bd5 Be6 1/2-1/2

[Event "17. Europa ch Juvenil - Masculino s16"]
[Site "Sibenik CRO"]
[Date "2007.09.20"]
[Round "7.33"]
[White "Krivec, Sandi"]
[Black "Zivkovic, Dejan"]
[Result "1/2-1/2"]
[WhiteElo "2003"]
[BlackElo "2191"]
[PlyCount "109"]
[EventDate "2007.09.14"]
[EventType "swiss"]
[EventRounds "9"]
[EventCountry "CRO"]
[Source "lmi"]
[SourceDate "2007.09.14"]

1. d4 Nf6 2. Nf3 g6 3. c4 Bg7 4. Nc3 d5 5. cxd5 Nxd5 6. e4 Nxc3 7. bxc3 O-O 8.
Be2 c5 9. O-O cxd4 10. cxd4 Nc6 11. Be3 Bg4 12. d5 Na5 13. Rc1 b6 14. Nd4 Bxe2
15. Qxe2 Qd7 16. Qb5 Rfd8 17. Qxd7 Rxd7 18. Nb5 Nb7 19. Rc2 Be5 20. Rfc1 Bd6
21. Rc8+ Rxc8 22. Rxc8+ Kg7 23. Ra8 Nc5 24. Bd4+ f6 25. Bxc5 Bxc5 26. Rxa7 Rxa7
27. Nxa7 Kf7 28. Kf1 e6 29. Ke2 f5 30. f3 exd5 31. exd5 Ke7 32. Nb5 Kf6 33. f4
g5 34. fxg5+ Kxg5 35. Kf3 Kf6 36. d6 Ke6 37. Kf4 Bb4 38. Nd4+ Kxd6 39. Nxf5+
Ke6 40. Ke4 Bc5 41. Nd4+ Kf6 42. Kd5 Ba3 43. Kc6 Bc5 44. Nb5 Bg1 45. Nc7 Bxh2
46. Nd5+ Kg5 47. Nxb6 Bg3 48. a4 Be1 49. Nd5 Kg4 50. Nf6+ Kg3 51. Nxh7 Kxg2 52.
Nf6 Kf3 53. Kc5 Kf4 54. Nd5+ Ke5 55. Nb4 1/2-1/2

[Event "17. Europa ch Juvenil - Masculino s16"]
[Site "Sibenik CRO"]
[Date "2007.09.20"]
[Round "7.34"]
[White "Kuchynka, Lukas"]
[Black "Moltsanov, Ivan"]
[Result "0-1"]
[WhiteElo "2180"]
[BlackElo "2003"]
[PlyCount "92"]
[EventDate "2007.09.14"]
[EventType "swiss"]
[EventRounds "9"]
[EventCountry "CRO"]
[Source "lmi"]
[SourceDate "2007.09.14"]

1. e4 e6 2. d4 d5 3. Nd2 c5 4. exd5 Qxd5 5. Ngf3 cxd4 6. Bc4 Qd6 7. O-O Nc6 8.
Nb3 Nf6 9. Nbxd4 Nxd4 10. Nxd4 Bd7 11. Bb3 Qc7 12. Qf3 Bd6 13. h3 O-O-O 14. Bg5
h6 15. Bh4 Bf4 16. Rad1 g5 17. Bg3 e5 18. Ne2 Bc6 19. Qc3 Ne4 20. Qb4 a5 21.
Qa3 Nd2 22. Rfe1 Kb8 23. Qc5 a4 24. Bxf7 Ne4 25. Qc4 Nd6 26. Rxd6 Rxd6 27. Nc3
Rhd8 28. Bh5 Rd2 29. Bxf4 exf4 30. Bg6 Qb6 31. Re2 Rxe2 32. Qxe2 Bxg2 33. Qe5+
Qd6 34. Qxd6+ Rxd6 35. Kxg2 Rxg6 36. Nxa4 h5 37. f3 Rd6 38. c4 Rd2+ 39. Kg1 Rc2
40. c5 Kc7 41. a3 Kc6 42. b4 Kd5 43. b5 Rxc5 44. Nxc5 Kxc5 45. h4 gxh4 46. Kg2
Kxb5 0-1

[Event "17. Europa ch Juvenil - Masculino s16"]
[Site "Sibenik CRO"]
[Date "2007.09.20"]
[Round "7.35"]
[White "Pomaro, Alberto"]
[Black "Silva, Miguel Alexandre Go"]
[Result "1/2-1/2"]
[WhiteElo "2149"]
[BlackElo "1999"]
[PlyCount "114"]
[EventDate "2007.09.14"]
[EventType "swiss"]
[EventRounds "9"]
[EventCountry "CRO"]
[Source "lmi"]
[SourceDate "2007.09.14"]

1. d4 Nf6 2. c4 c5 3. d5 e6 4. Nc3 exd5 5. cxd5 d6 6. Nf3 g6 7. g3 Bg7 8. Bg2
O-O 9. O-O Na6 10. Nd2 Nc7 11. a4 b5 12. axb5 Bd7 13. Qb3 Rb8 14. Rxa7 Nxb5 15.
Nxb5 Bxb5 16. Nc4 Re8 17. Bf3 Ba6 18. Qc2 Bxc4 19. Qxc4 Nd7 20. Qa4 Ne5 21. Bg2
Rb4 22. Qa2 Qb8 23. Ra4 Nc4 24. Rxb4 Qxb4 25. b3 Na5 26. Bf4 Be5 27. Bxe5 Rxe5
28. Rb1 Re7 29. Qc2 Rb7 30. Be4 c4 31. bxc4 Qxb1+ 32. Qxb1 Rxb1+ 33. Bxb1 Nxc4
34. e4 Nd2 35. Bd3 f6 36. f4 Kf7 37. Kf2 Nb3 38. Ke3 h6 39. Bc4 Nc5 40. Kd4 Nd7
41. Bb5 Nc5 42. e5 fxe5+ 43. fxe5 Ke7 44. Bd3 Nb3+ 45. Kc3 Nc5 46. Kc4 Nd7 47.
exd6+ Kxd6 48. Kd4 Ne5 49. Be4 Ng4 50. h3 Ne5 51. h4 g5 52. h5 Nd7 53. Bf5 Nf6
54. Bg6 Nxd5 55. Ke4 Nf6+ 56. Kf5 Ke7 57. Ke5 Ng4+ 1/2-1/2

[Event "17. Europa ch Juvenil - Masculino s16"]
[Site "Sibenik CRO"]
[Date "2007.09.20"]
[Round "7.37"]
[White "Getz, Nicolai"]
[Black "Ben, Tomer"]
[Result "0-1"]
[WhiteElo "2060"]
[BlackElo "1966"]
[PlyCount "74"]
[EventDate "2007.09.14"]
[EventType "swiss"]
[EventRounds "9"]
[EventCountry "CRO"]
[Source "lmi"]
[SourceDate "2007.09.14"]

1. e4 c5 2. Nf3 Nc6 3. d4 cxd4 4. Nxd4 e5 5. Nb5 d6 6. N1c3 a6 7. Na3 Be7 8.
Nc4 b5 9. Ne3 Nf6 10. g3 O-O 11. Bg2 b4 12. Ncd5 Be6 13. O-O Rb8 14. a3 a5 15.
axb4 axb4 16. Ra6 Bxd5 17. Nxd5 Nxd5 18. Rxc6 Nc7 19. Rc4 Ne6 20. Qd5 Nd4 21.
Rxd4 exd4 22. Qxd4 Qc7 23. Qd1 Bf6 24. g4 h6 25. f4 Rfc8 26. g5 hxg5 27. fxg5
Qc5+ 28. Kh1 Bxg5 29. Bxg5 Qxg5 30. Qxd6 Qc5 31. Qf4 Rb7 32. Bh3 Re8 33. Rg1
Qe5 34. Qxe5 Rxe5 35. Rd1 Rc7 36. Rd4 Rxc2 37. Rxb4 Ra5 0-1

[Event "17. Europa ch Juvenil - Masculino s16"]
[Site "Sibenik CRO"]
[Date "2007.09.20"]
[Round "7.40"]
[White "Stocko, Josip"]
[Black "Kurkijarvi, Mikko"]
[Result "0-1"]
[WhiteElo "1874"]
[BlackElo "1970"]
[PlyCount "70"]
[EventDate "2007.09.14"]
[EventType "swiss"]
[EventRounds "9"]
[EventCountry "CRO"]
[Source "lmi"]
[SourceDate "2007.09.14"]

1. d4 d5 2. Nf3 Nf6 3. Bg5 Nbd7 4. c4 dxc4 5. e3 h6 6. Bh4 e6 7. Bxc4 Nb6 8.
Bd3 Be7 9. O-O Nfd5 10. Bg3 O-O 11. Nc3 c5 12. Rc1 cxd4 13. Nxd4 Nxc3 14. Rxc3
Nd5 15. Rc1 a6 16. Bb1 Bd6 17. Qd3 g6 18. Bxd6 Qxd6 19. Nf3 Qb6 20. b3 Bd7 21.
Ne5 Bb5 22. Nc4 Qd8 23. Qe4 Qg5 24. f4 Qf6 25. Rfe1 Rac8 26. a4 Bc6 27. Qe5 Qh4
28. Nd6 Rcd8 29. Nc4 Qg4 30. Be4 Nb4 31. Bxc6 Nxc6 32. Qe4 Rd5 33. h3 Qg3 34.
Red1 Rfd8 35. Rxd5 exd5 0-1